000 00336nam a2200133Ia 4500
008 220216s9999 xx 000 0 und d
100 _aSatheesh P R
245 0 _aRubberinte uthpadanakshamathayum kaalavasthavyathiyanavum
260 _bRubber
_c2012
300 _a13-14
650 _aClimate change
700 _aJacob J
942 _cJS
999 _c68237
_d68237